000 01026nam a2200277 i 4500
003 EG-GICUC
005 20260419212553.0
008 260419s2002 ke ||||fr|||| 00| 0 eng d
040 _aEG-GiCUC
_beng
_cEG-GiCUC
_dEG-GiCUC
_eRda
082 0 4 _221
_a341.762
_bUN . G
092 0 4 _221
099 _aLaw1 11 341.762 UN . G 2002
110 _aUnited Nations Environment Programme
_eAuthor.
245 _aReport:
_bGlobal Judges Symposium On Sustainable Development And The Role Of Law .
_hVolume 1 /
_cUnited Nations Environment Programme.
264 1 _aKenya :
_bDivision Of Policy Development And Law,
_c2002 .
300 _a176 Pages ;
_c24 cm.
336 _2rda contenu
_a texte
337 _2rda medias
_aOrdinateur
338 _2 transporteur rda
_a Ressource en ligne
546 _aText in English
650 _aPublic International Law
650 _aNatural Resources -- Protection -- International Law
856 4 0 _uhttps://fll.law.cu.edu.eg/fulltext/bks/B11-09668.pdf
905 _a59
942 _2ddc
_n0
_cBK
_e21
999 _c72053
_d72053